• 首页
  • 本馆介绍
  • 公告通知
  • 最新文献
  • 馆藏检索
  • 电子资源
  • 读者导购
  • 参考咨询
  • 我的图书馆
  • 登录
  • 详细信息显示
  • 放入我的书架
  • 预约/预借图书
  • 作者相关作品
  • 分类相关作品
  • 丛书相关作品
  • 出版社相关作品

书目信息

  • 表格格式
  • 工作单格式
  • 卡片格式
题名:
新特蔬菜栽培一月通
    
 
作者: 任华中
分册:  
出版信息: 北京   北京农业大学出版社  1994.10
页数: 189页
开本: 19cm
丛书名:
单 册:
中图分类: S630.4
科图分类:
主题词: 蔬菜园艺
电子资源:
ISBN: 7-81002-664-X
000 00540nam0 2200193 45
001 0308271076
005 20030827105621.6
010    @a7-81002-664-X@dRMB5.20
100    @a20030827d1994 km y0chiy0120 ea
101    @achi
105    @a z 000yy
200 1  @a新特蔬菜栽培一月通@Axin te shu cai zai pei yi yue tong@f任华中@Fren hua zhong
210    @a北京@c北京农业大学出版社@d1994.10
215    @a189页@c无图表@d19cm
606 0  @a蔬菜园艺
690    @aS630.4@v3
701  0 @a任华中
801    @aCN@b@c20030827
905    @aBZT@dS630.4@e146
    
    新特蔬菜栽培一月通/任华中.-北京:北京农业大学出版社,1994.10
    189页:无图表;19cm
    
    
    ISBN 7-81002-664-X:RMB5.20
    
●
相关链接 在五车中查询图书 在当当中查询图书 在豆瓣中查询图书


正题名:新特蔬菜栽培一月通     索取号:S630.4/146         预约/预借

序号 登录号 条形码 馆藏地/架位号 状态 备注
1 81368   200022885   中心书库中库/ 中库032架B面4列2层11/ [索取号:S630.4/146] 在馆    
2 81369   200022876   中心书库中库/ 中库032架B面4列2层12/ [索取号:S630.4/146] 在馆    
3 81370   200022947   中心书库中库/ 中库032架B面4列2层13/ [索取号:S630.4/146] 在馆    
4 81371   200023063   中心书库中库/ 中库032架B面4列2层14/ [索取号:S630.4/146] 在馆    
5 81372   200022901   中心书库中库/ 中库032架B面4列2层16/ [索取号:S630.4/146] 在馆    
6 81373   200022858   中心书库中库/ 中库032架B面4列2层19/ [索取号:S630.4/146] 在馆    
7 81374   200022894   中心书库中库/ 中库032架B面4列2层17/ [索取号:S630.4/146] 在馆    
8 81375   200022910   中心书库中库/ 中库032架B面4列2层15/ [索取号:S630.4/146] 在馆    
山东省滨州职业学院图书馆 欢迎您!
大连网信软件有限公司© 版权所有